Logo BPK

Biblioteka

Politechniki Koszalińskiej

Successful writing : (Rekord nr 42268)

Szczegóły MARC
000 -ETYKIETA REKORDU
podpole kontrolne o stałej długości 00616nam a2200229 i 4500
001 - NUMER KONTROLNY REKORDU
pole kontrolne bg
020 ## - MIĘDZYNARODOWY ZNORMALIZOWANY NUMER KSIĄŻKI - ISBN
ISBN 1842168819
040 ## - ŹRÓDŁO KATALOGOWANIA
Instytucja, która utworzyła rekord BPK
041 0# - KOD JĘZYKA
Kod języka tekstu en
080 ## - UNIWERSALNA KLASYFIKACJA DZIESIĘTNA - UKD
UKD 811.111'35(07)
920 ## - Międzynarodowy znormalizowany numer książki – ISBN
ISBN 1-84216-881-9
008 - POLE O STAŁEJ DŁUGOŚCI - DANE KONTROLNE
podpole kontrolne o stałej długości s pl f |000 0 pol
100 1# - NAZWA OSOBOWA
Nazwa osobowa EVANS, Virginia
245 10 - TYTUŁ/ODPOWIEDZIALNOŚĆ
Tytuł Successful writing :
Ciąg dalszy tytułu proficiency : teacher's book /
Pozostałe elementy strefy tytułu i oznaczenia odpowiedzialności Virginia Evans.
250 ## - STREFA WYDANIA
Oznaczenie wydania New ed.
260 ## - STREFA ADRESU WYDAWNICZEGO
Miejsce wydania Newbury :
Nazwa wydawcy/dystrybutora Express Publ.,
Data publikacji, dystrybucji/powstania dokumentu 2002.
300 ## - STREFA OPISU FIZYCZNEGO
Objętość 100 s. ;
Rozmiary 27 cm +
Dokument towarzyszący Key.
650 #9 - HASŁO PRZEDMIOTOWE W FORMIE NAZWY OGÓLNEJ LUB JEDNOSTKOWEJ
Nazwa ogólna lub geograficzna Język angielski
Określnik ogólny pisownia
650 #9 - HASŁO PRZEDMIOTOWE W FORMIE NAZWY OGÓLNEJ LUB JEDNOSTKOWEJ
Nazwa ogólna lub geograficzna Język angielski
Określnik ogólny nauczanie
655 ## - TERMIN INDEKSOWY - OKREŚLENIE RODZAJU/FORMY DOKUMENTU
Określenie rodzaju/formy dokumentu Podręczniki
942 ## - DODATKOWE ELEMENTY (KOHA)
Typ dokumentu Książka
Egzemplarze
Wycofany Status egzemplarza Uszkodzony Dostępność Lokalizacja stała Lokalizacja bieżąca Miejsce przechowywania Sygnatura Kod kreskowy Typ dokumentu
      Tylko na miejscu Biblioteka Politechniki Koszalińskiej Biblioteka Politechniki Koszalińskiej Czytelnia Wydziałowa ul. Kwiatkowskiego 6e 66098 01903027 Książka
© 2023 Biblioteka Politechniki Koszalińskiej :: KOHA